Statistiques concernant Animaux dans les titres de films

Cliquez ici pour prendre le quiz!

Statistiques générales

  • Ce quiz a été pris 202 fois
  • Le résultat moyen est 23 sur 50

Statistiques - réponses

AnimalFilmAnnée% Correct
Rat_______atatouille2007
89%
LoupLe _______ de Wall Street2013
88%
AgneauxLe silence des __________1991
84%
EléphantUn __________ ça trompe énormément1976
84%
CochonBabe, le ________ devenu berger1995
83%
CoucouVol au-dessus d'un nid de _________1975
81%
PapillonL'effet __________2004
79%
LionLe Roi _________1994
77%
MoutonShaun le _________2015
77%
Crocodile__________ Dundee1986
76%
SingesL'armée des 12 _________1995
76%
HirondelleUne _________ a fait le printemps2001
71%
DogsReservoir ________1992
66%
Chicken_________ run2000
64%
LuciolesLe tombeau des ________1988
61%
PanthèreLa __________ rose1963
61%
VacheLa ________ et le prisonnier1959
61%
SingeUn ________ en hiver1962
56%
ChatChacun cherche son _________1996
53%
LapinWallace et Gromit : le mystère du _______-garou2005
53%
SourisDes _________ et des hommes1939/1992
52%
FauconLe ________ maltais1941
51%
ChatteLa ________ sur un toit brûlant1958
50%
ChienMa vie de ________1985
49%
OiseauLe roi et l'__________1980
48%
ChienUn après-midi de _________1976
47%
PeregrineMiss _________ et les enfants particuliers2016
43%
CanardsFaut pas prendre les enfants du bon Dieu pur des __________ sauvages1968
40%
EléphantsDe l'eau pour les _________2011
40%
CondorLes 3 jours du __________1975
39%
BêlierLa famille _________2014
38%
Chat________ noir, _______ blanc1998
36%
FoxFantastic Mr. ________2009
34%
AraignéeLe baiser de la femme _________1985
33%
SwanBlack ________2011
32%
Tigre_________ et dragon2000
28%
LoupLe chant du ________2019
27%
ChiensLes ________ de paille1972
26%
ChiensL'île aux ________2018
24%
CormoranLe cri du __________ le soir au-dessus des jonques1971
24%
AiglesQuand les _________ attaquent1968
21%
SerpentsLa fosse aux __________1948
20%
CloportesLa métamorphose des ___________1965
18%
Snake_________ eyes1998
18%
ChiennesAmours _________2000
17%
CerfMise à mort du _______ sacré2017
16%
CanardLa soupe au ________1933
9%
DogGhost ________1999
9%
HawkLady_______, la femme de la nuit1985
9%
CigognesLes ________ n'en font qu'à leur tête1989
8%

Distribution des résultats

Percentile par nombre de réponses

% des personnes avec chaque résultat

Votre développement - résultats

Vous n’avez pas pris ce quiz